Normal view
MARC view
Entry Personal Name
001 - CONTROL NUMBER
- control field: 20930
003 - CONTROL NUMBER IDENTIFIER
- control field: OSt
005 - DATE AND TIME OF LATEST TRANSACTION
- control field: 20210127160208.0
008 - FIXED-LENGTH DATA ELEMENTS
- fixed length control field: 210127|| aca||aabn | a|a d
040 ## - CATALOGING SOURCE
- Original cataloging agency: OSt
- Transcribing agency: OSt
100 ## - HEADING--PERSONAL NAME
- Personal name: Hatton, Timothy J.
670 ## - SOURCE DATA FOUND
- Source citation: Work cat.: (OSt)514503: Hatton, Timothy J. , Asylum migration to the developed world: Persecution, Incentives, and policy
